KOHA-Header-6

Model Business Letters,Emails & Other Business Documents (Record no. 998)

000 -LEADER
fixed length control field 00333nam a2200121Ia 4500
008 - FIXED-LENGTH DATA ELEMENTS--GENERAL INFORMATION
fixed length control field 190722s9999 xx 000 0 und d
020 ## - INTERNATIONAL STANDARD BOOK NUMBER
International Standard Book Number 978-93-325-1601-4
100 ## - MAIN ENTRY--PERSONAL NAME
Personal name Shirley Taylor
245 #0 - TITLE STATEMENT
Title Model Business Letters,Emails & Other Business Documents
260 ## - PUBLICATION, DISTRIBUTION, ETC. (IMPRINT)
Place of publication, distribution, etc India
Name of publisher, distributor, etc Dorling kindersley
Date of publication, distribution, etc 2013
300 ## - PHYSICAL DESCRIPTION
Extent 498
942 ## - ADDED ENTRY ELEMENTS (KOHA)
Koha item type Books
Holdings
Withdrawn status Lost status Damaged status Not for loan Permanent Location Current Location Date acquired Full call number Barcode Date last seen Price effective from Koha item type
        MAJU MAJU 2019-07-22 808.06 7623 2019-07-22 2019-07-22 Books

Powered by Koha